000 00327 a2200157 4500
001 72069
020 _a
040 _cAnchieta - Colégio São Paulo
100 _aRocha, Kátia
240 1 0 _aMeu livro
_lpor
245 1 0 _aMeu livro
300 _a47
362 0 _a2005
650 4 _aLiteratura infanto-juvenil
942 _cBK
999 _c72069
_d72069